=LDR 00000nam 2200000 4500 =001 INLIS000000000001446 =005 20130612085841 =008 ***********************************Ind** =035 ##$$0010-061300000001446 =041 ##$$a Ind =082 ##$$a 892.7 =090 ##$$a 892.7, Gib-r =100 ##$$a GIBRAN, Kahlil =245 ##$$a Renungan-renungan spiritual, Kahlil Gibran; Penerjemah, Hartono Hadikusuma =260 ##$$a 1999 $b Yogyakarta =300 ##$$a vii, 122 hlm, 20 cm =650 ##$$a Kesusastraan - Arab =700 ##$$a HADIKUSUMO, Hartono =850 ##$$a NBPNMAT